LEADER 00603nac# 22001811i 450 001 UON00510204 005 20231205105454.316 100 $a20221116f |0itac50 ba 102 $aES 105 $a|||| ||||| 110 $ab|||||||||| 200 1 $aComunicacion 210 $aBarcelona$cGedisa 463 1$1001UON00510018$12001 $aCrisis del sistema, crisis del periodismo$eContexto estructural y deseos de cambios$fRamón Reig$1210 $aBarcelona$cGedisa$d2015$1215 $a280 p.$cill.$d23 cm$v57 801 $aIT$bSOL$c20240220$gRICA 912 $aUON00510204 996 $aComunicación$91723983 997 $aUNIOR